000 01103nam a22002535i 4500
001 162486
003 ES-MaACL
005 20250809060037.0
008 041118q18851910sp |||| | spa d
040 _aCAM
_bspa
_cCAM
100 1 _aPothier, Robert Joseph.
_9131306
245 1 0 _aTratado del contrato de venta /
_cde Pothier; traducido por Manuel Deo; anotados y concordados con la legislación romana y la vigente en España, Francia, República Argentina, Guatemala, México y Uruguay por Antonio Elías de Molíns.
250 _a2ª ed.
260 _aBarcelona :
_bBiblioteca Científica y literaria,
_c[s.a.] (
_fImp. M. Marfany)
300 _a6 v. ;
_c20 cm.
596 _aEn el T. VI aparece como impresor: Imprenta Barcelonesa.
596 _aProbablemente impreso entre 1885 y 1910.
650 7 _aContratos
_2embne
_911326
650 7 _aDerecho mercantil
_2embne
_9135891
700 1 1 _aDeo, Manuel,
_etrad.
_9126758
700 1 1 _aElías de Molins, Antonio,
_eed. lit.
_946974
852 _aES-MaACL
_jD-1357-1358
_z-- Enc. hol.
_q-- Solo T. V y VI
999 _c162486
_d162486